The Charlie Kirk Quiz - Statistics

General Stats
  • This quiz has been taken 488 times
  • The average score is 10 of 25
Answer Stats
Question Answer % Correct
How many children does he have? 2
94%
What year did he pass away? 2025
83%
What is his wife's name? Erika Kirk
82%
What year was he born? 1993
77%
Who did he believe in (his savior)? Jesus
76%
How old was he when he passed away? 31
72%
What political party did he support? Republican
70%
What was the company founded by him? Turning Point USA
65%
What year did he find this company? 2012
63%
What political ideology did he support? Conservatism
51%
What major city was he raised near? Chicago
45%
What was the name of his talk/podcast show? The Charlie Kirk Show
39%
What was his middle name? James
38%
Who was his convicted assassin? Tyler Robinson
33%
Where did he pass away? Utah Valley Univerity, UT
31%
Faith
27%
What was his favorite sports teams? Chicago Cubs
20%
What 2 things did he want to be known for when he passed away? Courage
14%
Which university did he earn this degree? Liberty University
13%
Oregon Ducks
13%
Who did he initially create this company with? Bill Montgomery
10%
If he ever ran for office, his goal was to "revive the ______ _____" American Family
7%
What was his favorite word in the English language? Earn
6%
What was his favorite bible verse? Ephesians 5:25
5%
What honorary degree did he receive in 2019? Doctor of Humanities
4%
No matching quizzes found
Score Distribution
Percent of People with Each Score
Percentile by Number Answered
Your Score History
You have not taken this quiz